00647nam a2200241 a 4500001001300000003000900013005001700022008004100039020001000080082001300090100001400103245001500117260002500132300000700157500003500164505003500199650001400234700001400248902000800262942000700270952011300277999001500390nice12345678IN_TiNIC20260116011630.0050524s1959 lona grp 000 0 eng  ac10000a133bROS aRoss, K N aAstrology. aLondon bSPCK c1959 a8p aincludes index and biblioraphy2 aIndex of Names, Subject, Notes aOccultism1 aRoss, K N bSRS cBK 001040708StackRoom-aHMIbHMId2007-03-15g100.00l0o133 ROSp05868r2007-03-15v100.00w2005-05-24yBK c3003d3003